- Loreto López, Rosalva
Entry Nombre Personal
001 - NUMERO DE CONTROL
- campo de control: 46501
003 - IDENTIFICADOR DE NUMERO DE CONTROL
- campo de control: DLC
005 - FECHA Y HORA DE LA ÜLTIMA TRANSACCIÓN
- campo de control: 20220919102311.0
008 - DATOS DE LONGITUD FIJA
- campo de control de longitud fija: 950322n| acannaabn |a aaa
010 ## - NÚMERO DE CONTROL DE LA BIBLIOTECA DEL CONGRESO
- Número de control LC: n 95027962
035 ## - NUMERO DE CONTROL
- Número de control: (OCoLC)oca03799430
040 ## - FUENTE DE CATALOGACIÓN
- Agencia original de catalogación: DLC
- Lenguaje de catalogación: spa
- Agencia de transcripción: DLC
- Agencia que lo modifica: OCoLC
- Agencia que lo modifica: DLC
- Agencia que lo modifica: MX-MxUPN
100 1# - ENCABEZAMIENTO - NOMBRE PERSONAL
- Nombre personal: Loreto López, Rosalva
400 1# - VEÁSE - NOMBRE DE PERSONA
- Personal name: López, Rosalva Loreto
400 1# - VEÁSE - NOMBRE DE PERSONA
- Personal name: Loreto L., Rosalva
- Fuller form of name: (Loreto López)
400 1# - VEÁSE - NOMBRE DE PERSONA
- Personal name: Loreto, Rosalva
670 ## - FUENTE EN LA QUE SE LOCALIZARON DATOS
- Cita de la fuente: La ciudad de Puebla, 1994:
- Información localizada: reverso de la portada (Rosalva Loreto López, Instituto de Ciencias Sociales y Humanidades, Univ. Autónoma de Puebla)
670 ## - FUENTE EN LA QUE SE LOCALIZARON DATOS
- Cita de la fuente: Limpiar y obedecer, 1994:
- Información localizada: portada (Rosalva Loreto L.)
670 ## - FUENTE EN LA QUE SE LOCALIZARON DATOS
- Cita de la fuente: Perfiles habitacionales y condiciones ambientales, 2007:
- Información localizada: portada (Rosalva Loreto López) página 19 (Rosalva Loreto)
902 ## - CATALOGADOR
- Catalogador: NDAF/190922
